[Event "Unna Open 2022"]
[Site "Unna"]
[Date "2022.12.29"]
[Round "5.30"]
[White "Palermo, Julian"]
[Black "Zeitz, Max"]
[Result "0-1"]
[WhiteElo "1297"]
[BlackElo "1619"]
[Annotator "Medger,Gernot"]
[PlyCount "120"]
[EventDate "2022.12.??"]
[EventType "tourn"]
[EventRounds "7"]
[EventCountry "GER"]

1. c4 Nf6 2. Nc3 e5 3. e4 Bc5 4. d3 c6 5. Bg5 d6 6. Be2 Bb6 7. Na4 Ba5+ 8. Nc3
Nbd7 9. Nf3 h6 10. Bxf6 Nxf6 11. O-O Bxc3 12. bxc3 O-O 13. Rb1 Qc7 14. Nd2 d5
15. exd5 cxd5 16. Qb3 dxc4 17. Nxc4 Rb8 18. Ne3 Be6 19. c4 b5 20. Qc2 b4 21.
Rfc1 Rfc8 22. Bf3 a5 23. Qd2 Qd6 24. Qc2 Rc5 25. Be2 Nd7 26. Nf1 Rcc8 27. Nd2
f5 28. Nb3 a4 29. Nd2 Nc5 30. Rd1 Bd7 31. g4 Qf6 32. gxf5 Bxf5 33. Ne4 Qg6+ 34.
Kf1 Bh3+ 35. Ke1 Qg1+ 36. Kd2 Nxe4+ 37. dxe4 Qxf2 38. Kc1 Qe3+ 39. Qd2 Qxe4 40.
Qd5+ Qxd5 41. Rxd5 Be6 42. Rxe5 Bxc4 43. Kb2 a3+ 44. Ka1 Bxe2 45. Rxe2 Rc4 46.
Re3 Kf7 47. Rf1+ Kg6 48. Rg3+ Kh7 49. Kb1 Rc3 50. Rg2 b3 51. axb3 Rcxb3+ 52.
Ka1 Rb2 53. Rgf2 Rxf2 54. Rxf2 Rb2 55. Rxb2 axb2+ 56. Kxb2 Kg6 57. Kc2 Kg5 58.
Kd2 Kh4 59. Ke3 Kh3 60. Kf4 Kxh2 0-1

[Event "Unna Open 2022"]
[Site "Unna"]
[Date "2022.12.29"]
[Round "5.31"]
[White "Arnoldi, Ekkehard"]
[Black "Böse, Marc"]
[Result "0-1"]
[WhiteElo "1298"]
[BlackElo "1568"]
[Annotator "Medger,Gernot"]
[PlyCount "46"]
[EventDate "2022.12.??"]
[EventType "tourn"]
[EventRounds "7"]
[EventCountry "GER"]

1. d4 Nf6 2. Bf4 g6 3. c4 Bg7 4. Nc3 d6 5. e3 O-O 6. Qb3 b6 7. O-O-O Nbd7 8. h4
c5 9. Nf3 Bb7 10. Nd5 Nxd5 11. cxd5 Rc8 12. dxc5 Nxc5 13. Qa3 Ne4+ 14. Kb1 Nxf2
15. Ba6 Bxa6 16. Qxa6 Nxd1 17. Rxd1 Qc7 18. Qd3 Qc4 19. Qd2 Qe4+ 20. Ka1 Rc2
21. Qd3 Qxd3 22. Rb1 Rxb2 23. Rxb2 Qd1# 0-1

[Event "Unna Open 2022"]
[Site "Unna"]
[Date "2022.12.29"]
[Round "5.32"]
[White "Naumann, Martin"]
[Black "Ait Khouya, Muhammad"]
[Result "0-1"]
[WhiteElo "1511"]
[BlackElo "1277"]
[Annotator "Medger,Gernot"]
[PlyCount "50"]
[EventDate "2022.12.??"]
[EventType "tourn"]
[EventRounds "7"]
[EventCountry "GER"]

1. e4 e5 2. Nf3 Nc6 3. d4 exd4 4. Nxd4 Nf6 5. Nxc6 bxc6 6. Bd3 d5 7. O-O dxe4
8. Re1 Be7 9. Bc4 Qxd1 10. Rxd1 O-O 11. Bf4 Rd8 12. Nc3 Bd6 13. Bg5 Bf5 14.
Bxf6 gxf6 15. Re1 Re8 16. Bb3 c5 17. Ba4 Re5 18. Bc6 Rb8 19. Nd5 Kg7 20. b3 Be6
21. c4 Bxd5 22. Bxd5 f5 23. f3 Rb6 24. b4 c6 25. bxc5 Bxc5+ 0-1

[Event "Unna Open 2022"]
[Site "Unna"]
[Date "2022.12.29"]
[Round "5.33"]
[White "Kommessin, Sabine"]
[Black "Krolik, Wilfried"]
[Result "0-1"]
[WhiteElo "1111"]
[BlackElo "1472"]
[Annotator "Medger,Gernot"]
[PlyCount "80"]
[EventDate "2022.12.??"]
[EventType "tourn"]
[EventRounds "7"]
[EventCountry "GER"]

1. e4 e5 2. Nf3 Nf6 3. Nc3 Nc6 4. Bb5 d6 5. h3 Be7 6. d4 exd4 7. Nxd4 Bd7 8.
O-O O-O 9. Bc4 a6 10. a4 Ne5 11. Be2 c5 12. Nf5 Bxf5 13. exf5 Qc8 14. Nd5 Nxd5
15. Qxd5 Qc6 16. Qb3 d5 17. Qg3 Bf6 18. Bf4 Rfe8 19. Rfe1 Nd7 20. Bh5 Bxb2 21.
Rxe8+ Rxe8 22. Rd1 Nf6 23. Bf3 Ne4 24. Bxe4 dxe4 25. Rd6 Qxa4 26. c3 Qa1+ 27.
Kh2 Bxc3 28. Rd5 Bd4 29. Qh4 Bf6 30. Bg5 b6 31. Rd6 Be5+ 32. Bf4 Bxd6 33. Bxd6
Qf6 34. Qf4 c4 35. Bc7 b5 36. g4 Qe7 37. Bb6 Qe5 38. Qxe5 Rxe5 39. Bd4 Rd5 40.
Bc3 Rd3 0-1

[Event "Unna Open 2022"]
[Site "Unna"]
[Date "2022.12.29"]
[Round "5.34"]
[White "Senel, Serdar"]
[Black "Pennekamp, Christoph"]
[Result "0-1"]
[WhiteElo "1228"]
[BlackElo "1313"]
[Annotator "Medger,Gernot"]
[PlyCount "74"]
[EventDate "2022.12.??"]
[EventType "tourn"]
[EventRounds "7"]
[EventCountry "GER"]

1. d4 g6 2. b3 Bg7 3. Bb2 d5 4. Nf3 Nf6 5. e3 O-O 6. Bd3 Nbd7 7. Nbd2 c5 8. O-O
Re8 9. Ne5 Nxe5 10. dxe5 Ng4 11. Nf3 Qc7 12. c4 Nxe5 13. Nxe5 Bxe5 14. Bxe5
Qxe5 15. Qf3 Be6 16. Rad1 b6 17. cxd5 Bxd5 18. e4 Bc6 19. Bc4 e6 20. Rd2 Rad8
21. Rxd8 Rxd8 22. Re1 Rd4 23. Qc3 Qd6 24. f3 Qd7 25. a4 b5 26. axb5 Bxb5 27.
Bxb5 Qxb5 28. Rc1 Rd7 29. Qxc5 Rd1+ 30. Kf2 Qf1+ 31. Kg3 Rxc1 32. Qxa7 Rc2 33.
Qb8+ Kg7 34. Qe5+ f6 35. Qxe6 Qxg2+ 36. Kf4 g5+ 37. Kf5 Qxf3# 0-1

[Event "Unna Open 2022"]
[Site "Unna"]
[Date "2022.12.29"]
[Round "5.35"]
[White "Weiner, Timon Liam"]
[Black "Jacob, Phil"]
[Result "1/2-1/2"]
[WhiteElo "1153"]
[BlackElo "1526"]
[Annotator "Medger,Gernot"]
[PlyCount "44"]
[EventDate "2022.12.??"]
[EventType "tourn"]
[EventRounds "7"]
[EventCountry "GER"]

1. e4 c5 2. Nc3 g6 3. f4 d6 4. Nf3 Bg7 5. Bc4 Nf6 6. d3 Nc6 7. O-O O-O 8. Qe1
a6 9. a4 Bg4 10. Qh4 h5 11. h3 Bxf3 12. Rxf3 e6 13. Rg3 Nh7 14. Qxd8 Raxd8 15.
Ne2 d5 16. exd5 exd5 17. Bb3 Rfe8 18. Re3 Rxe3 19. Bxe3 d4 20. Bd2 Re8 21. Ng3
Nf6 22. Re1 Rxe1+ 1/2-1/2

[Event "Unna Open 2022"]
[Site "Unna"]
[Date "2022.12.29"]
[Round "5.36"]
[White "Meinberger, Manfred"]
[Black "Conradi, Rolf"]
[Result "1-0"]
[WhiteElo "1593"]
[BlackElo "1287"]
[Annotator "Medger,Gernot"]
[PlyCount "67"]
[EventDate "2022.12.??"]
[EventType "tourn"]
[EventRounds "7"]
[EventCountry "GER"]

1. d4 Nf6 2. c4 e6 3. Nc3 d5 4. Bg5 Nc6 5. e3 Be7 6. cxd5 exd5 7. a3 a6 8. Bd3
h6 9. Bh4 g5 10. Bg3 Bd6 11. Nge2 Be6 12. h4 g4 13. Nf4 Qd7 14. Qc2 Bxf4 15.
Bxf4 Nh5 16. Ne2 f5 17. O-O-O Nxf4 18. Nxf4 Ne7 19. Kb1 Bf7 20. Rc1 Rc8 21. g3
h5 22. Qb3 c6 23. Be2 b5 24. Nd3 Qa7 25. Rc5 a5 26. Rhc1 Rh6 27. Ne5 Qa8 28.
Qc2 Bg6 29. Bxb5 f4 30. Nxg6 Rxg6 31. Bd3 Rf6 32. exf4 Kd7 33. Re1 Nf5 34.
Bxf5+ 1-0

[Event "Unna Open 2022"]
[Site "Unna"]
[Date "2022.12.29"]
[Round "5.37"]
[White "Jorke, Roland"]
[Black "Burosch, Raimund"]
[Result "1-0"]
[WhiteElo "1270"]
[BlackElo "1429"]
[Annotator "Medger,Gernot"]
[PlyCount "143"]
[EventDate "2022.12.??"]
[EventType "tourn"]
[EventRounds "7"]
[EventCountry "GER"]

1. Nf3 Nf6 2. d4 g6 3. g3 Bg7 4. Bg2 O-O 5. c4 d6 6. Nbd2 Nbd7 7. b3 c5 8. Bb2
cxd4 9. Nxd4 Re8 10. O-O Nf8 11. Rb1 Qb6 12. e3 Bg4 13. f3 Bd7 14. Kh1 e5 15.
Nc2 Bc6 16. e4 Rad8 17. Ba3 Ne6 18. Qe1 a5 19. Qe3 Qxe3 20. Nxe3 Bh6 21. Rfe1
Nd4 22. Bb2 Re7 23. Bxd4 exd4 24. Nef1 b5 25. Rbc1 Nd7 26. f4 Nc5 27. Rb1 Rde8
28. cxb5 Bxb5 29. Kg1 Nd3 30. Red1 Rc8 31. Nc4 Bxc4 32. bxc4 Nb4 33. Rxd4 Rec7
34. Ne3 Bf8 35. a3 Nc6 36. Rd5 Re8 37. Ng4 Kg7 38. Nf2 Rec8 39. Bh3 Rd8 40. Nd3
Kg8 41. f5 Ne7 42. Rxa5 Rxc4 43. fxg6 hxg6 44. Nf2 Nc6 45. Ra6 Ne5 46. Bg2 Bh6
47. Rd1 Bf8 48. a4 Nc6 49. Ng4 Bg7 50. Kh1 Nd4 51. Ne3 Rc3 52. Nd5 Ne2 53. Nxc3
Nxc3 54. Raxd6 Rxd6 55. Rxd6 Nxa4 56. Rd4 Nb6 57. Rb4 Nd7 58. Bh3 Ne5 59. Rb8+
Kh7 60. Kg2 g5 61. Bf5+ Kh6 62. Rb6+ f6 63. Kf2 Nd3+ 64. Ke3 Ne5 65. Rb1 Bf8
66. Rb7 Bg7 67. h3 Nc4+ 68. Kd4 Nd6 69. Rd7 Nb5+ 70. Kd5 Nc3+ 71. Ke6 Ne2 72.
Kf7 1-0

[Event "Unna Open 2022"]
[Site "Unna"]
[Date "2022.12.29"]
[Round "5.38"]
[White "Dunker, Fabian"]
[Black "Menne, Klaus"]
[Result "0-1"]
[WhiteElo "1001"]
[BlackElo "1389"]
[Annotator "Medger,Gernot"]
[PlyCount "80"]
[EventDate "2022.12.??"]
[EventType "tourn"]
[EventRounds "7"]
[EventCountry "GER"]

1. e4 c5 2. Nf3 Nc6 3. c4 e5 4. Nc3 d6 5. a3 h6 6. g3 Nd4 7. Bg2 Bg4 8. O-O
Bxf3 9. Bxf3 Nf6 10. Nd5 Nxd5 11. cxd5 a6 12. Bg2 Be7 13. d3 Bg5 14. Bxg5 hxg5
15. b4 b6 16. Ra2 Qf6 17. Rd2 Qh6 18. h3 g6 19. bxc5 bxc5 20. Qa4+ Nb5 21. Rb1
Ke7 22. Qa5 g4 23. h4 g5 24. d4 Nxd4 25. Rb7+ Kf8 26. Qc7 Rh7 27. Rdb2 Qg6 28.
R2b6 gxh4 29. Rxd6 Qh5 30. Rd8+ Rxd8 31. Qxd8+ Kg7 32. d6 hxg3 33. fxg3 Qh6 34.
Qe7 Qe3+ 35. Kf1 Qe2+ 36. Kg1 Qe1+ 37. Bf1 Qxg3+ 38. Bg2 Qe1+ 39. Bf1 Nf3+ 40.
Kg2 Rh2# 0-1

[Event "Unna Open 2022"]
[Site "Unna"]
[Date "2022.12.29"]
[Round "5.39"]
[White "Nechitaylo, Lev"]
[Black "Krüger, Elias Jordan"]
[Result "1/2-1/2"]
[WhiteElo "1374"]
[BlackElo "862"]
[Annotator "Medger,Gernot"]
[PlyCount "109"]
[EventDate "2022.12.??"]
[EventType "tourn"]
[EventRounds "7"]
[EventCountry "GER"]

1. e4 e5 2. Nf3 Nc6 3. Bc4 Bc5 4. O-O Nf6 5. Nc3 d6 6. d3 Bg4 7. Be3 Nd4 8.
Bxd4 Bxd4 9. Rb1 c6 10. Re1 a5 11. Qe2 b5 12. Nxb5 cxb5 13. Bxb5+ Nd7 14. c3
Bc5 15. Bc4 O-O 16. Red1 Qb6 17. h3 Bxf3 18. Qxf3 a4 19. b4 axb3 20. Rxb3 Qa7
21. Rdb1 Qxa2 22. Bd5 Rad8 23. Rb7 Qa4 24. R7b2 Nf6 25. g4 Nxd5 26. exd5 Qf4
27. Qg2 f5 28. Rb7 fxg4 29. Rf1 g3 30. Kh1 Bxf2 31. Rb2 Qf3 32. Rd2 Rf6 33.
Qxf3 Rxf3 34. Kg2 Rdf8 35. d4 exd4 36. cxd4 g5 37. Re2 h5 38. Re6 g4 39. hxg4
hxg4 40. Rxd6 R8f7 41. Rd8+ Kg7 42. d6 Kf6 43. Rh8 Ke6 44. Ra1 Bxd4 45. Re1+
Kxd6 46. Rd1 R3f4 47. Rd8+ Ke5 48. Re8+ Kd5 49. Rd8+ Ke4 50. R8xd4+ Ke3 51.
R4d3+ Ke4 52. Rd4+ Kf5 53. Rd5+ Kg6 54. Rd6+ R7f6 55. Rxf6+ 1/2-1/2

[Event "Unna Open 2022"]
[Site "Unna"]
[Date "2022.12.29"]
[Round "5.40"]
[White "Le, Elias"]
[Black "Koch, Lennard"]
[Result "0-1"]
[WhiteElo "835"]
[BlackElo "1358"]
[Annotator "Medger,Gernot"]
[PlyCount "56"]
[EventDate "2022.12.??"]
[EventType "tourn"]
[EventRounds "7"]
[EventCountry "GER"]

1. e4 e5 2. Nf3 Nc6 3. Bc4 Nf6 4. Ng5 d5 5. exd5 Nxd5 6. Qf3 Qxg5 7. Bxd5 Qg6
8. Nc3 Nd4 9. Qd1 Nxc2+ 10. Kf1 Qd3+ 11. Kg1 Nxa1 12. Qa4+ Bd7 13. Qh4 Qc2 14.
Bxf7+ Kxf7 15. Qc4+ Ke8 16. Qf1 Bc5 17. h3 Rf8 18. Kh2 Bxf2 19. Qe2 Bd4 20. d3
Qxe2 21. Nd5 Bb6 22. Nc3 Qxd3 23. Re1 Qd6 24. g3 Rf2+ 25. Kg1 Rc2+ 26. Kh1 Bc6+
27. Re4 Qd1+ 28. Nxd1 Bxe4# 0-1

[Event "Unna Open 2022"]
[Site "Unna"]
[Date "2022.12.29"]
[Round "5.41"]
[White "Ait Khouya, Moussa"]
[Black "Jäger, Jeremy"]
[Result "0-1"]
[WhiteElo "830"]
[BlackElo "1299"]
[Annotator "Medger,Gernot"]
[PlyCount "72"]
[EventDate "2022.12.??"]
[EventType "tourn"]
[EventRounds "7"]
[EventCountry "GER"]

1. e4 c5 2. Bc4 Nc6 3. Nc3 Nf6 4. Nf3 d6 5. h3 g6 6. d3 Bg7 7. O-O Bd7 8. Be3
O-O 9. Qd2 a6 10. Bh6 b5 11. Bxg7 Kxg7 12. Bd5 b4 13. Na4 Nxd5 14. exd5 Na7 15.
b3 Bxa4 16. bxa4 Nc8 17. c3 a5 18. cxb4 axb4 19. Qb2+ Kg8 20. a3 Rxa4 21. axb4
Rxb4 22. Qc3 Nb6 23. Qc1 Kg7 24. Rb1 Nxd5 25. Rxb4 Nxb4 26. d4 cxd4 27. Qc4 Qb6
28. Rb1 Rb8 29. Ng5 d5 30. Qe2 Qf6 31. Qd2 Nc6 32. Rc1 Ne5 33. Rc5 Nc4 34. Qc1
Rb2 35. Nf3 Qb6 36. Rc6 Rb1 0-1

[Event "Unna Open 2022"]
[Site "Unna"]
[Date "2022.12.29"]
[Round "5.42"]
[White "Schulze-Ardey, Dario"]
[Black "Neumann, Michael"]
[Result "0-1"]
[WhiteElo "767"]
[BlackElo "1298"]
[Annotator "Medger,Gernot"]
[PlyCount "32"]
[EventDate "2022.12.??"]
[EventType "tourn"]
[EventRounds "7"]
[EventCountry "GER"]

1. e4 e5 2. Nf3 Nc6 3. Bc4 Bc5 4. d3 f5 5. Nc3 Nf6 6. Bg5 h6 7. Bh4 g5 8. Nxg5
hxg5 9. Bxg5 d6 10. Nd5 Bxf2+ 11. Kxf2 Ng4+ 12. Kf1 Qxg5 13. Nxc7+ Kd8 14. Nxa8
Ne3+ 15. Ke1 Nxd1 16. Rxd1 Qxg2 0-1

[Event "Unna Open 2022"]
[Site "Unna"]
[Date "2022.12.29"]
[Round "5.43"]
[White "Werner, Michael"]
[Black "Schirmbeck, Lilian"]
[Result "0-1"]
[WhiteElo "1200"]
[BlackElo "1541"]
[Annotator "Medger,Gernot"]
[PlyCount "84"]
[EventDate "2022.12.??"]
[EventType "tourn"]
[EventRounds "7"]
[EventCountry "GER"]

1. e4 e5 2. Nf3 Nf6 3. Nc3 Nc6 4. Bc4 Bc5 5. d3 d6 6. a3 a5 7. Ne2 Bg4 8. Ng3
Bxf3 9. Qxf3 Nd4 10. Qd1 b5 11. Ba2 c6 12. c3 Ne6 13. O-O O-O 14. Be3 Bxe3 15.
fxe3 Nc5 16. b4 axb4 17. axb4 Na4 18. Rc1 Qb6 19. Rf3 Nb2 20. Qb3 Nxd3 21. Rd1
Nf4 22. Rxd6 Ne6 23. Nf5 Nxe4 24. Rxe6 Nd2 25. Ne7+ Kh8 26. Rxc6 Nxf3+ 27. gxf3
Qxe3+ 28. Kf1 Qxf3+ 29. Ke1 Qh1+ 30. Kd2 Qxh2+ 31. Kc1 Qxa2 32. Qxa2 Rxa2 33.
Rc5 f6 34. Rxb5 g5 35. Nf5 h5 36. Ne7 Kg7 37. Rb7 Rf7 38. c4 h4 39. Nf5+ Kg6
40. Rxf7 Kxf7 41. c5 h3 42. Ng3 Ra4 0-1

[Event "Unna Open 2022"]
[Site "Unna"]
[Date "2022.12.29"]
[Round "5.44"]
[White "Weiner, Letizia Marilena"]
[Black "Koch, Alexander Leon"]
[Result "1/2-1/2"]
[WhiteElo "734"]
[BlackElo "987"]
[Annotator "Medger,Gernot"]
[PlyCount "33"]
[EventDate "2022.12.??"]
[EventType "tourn"]
[EventRounds "7"]
[EventCountry "GER"]

1. e4 e5 2. Nf3 Nc6 3. Nc3 Nf6 4. d4 d6 5. Bb5 Bd7 6. O-O Be7 7. Bg5 O-O 8.
Bxf6 Bxf6 9. Bxc6 Bxc6 10. dxe5 dxe5 11. Qxd8 Raxd8 12. Rfd1 Rxd1+ 13. Rxd1 h6
14. b3 a6 15. h3 b5 16. b4 a5 17. a3 1/2-1/2

[Event "Unna Open 2022"]
[Site "Unna"]
[Date "2022.12.29"]
[Round "5.45"]
[White "Leufert, Jan-Frederik"]
[Black "Luccone, Constantin"]
[Result "0-1"]
[WhiteElo "774"]
[BlackElo "1190"]
[Annotator "Medger,Gernot"]
[PlyCount "78"]
[EventDate "2022.12.??"]
[EventType "tourn"]
[EventRounds "7"]
[EventCountry "GER"]

1. e4 e5 2. Nc3 Nf6 3. Bc4 Nc6 4. d3 d6 5. Be3 Be6 6. Bxe6 fxe6 7. Nf3 g6 8.
Bg5 Bg7 9. Qd2 O-O 10. Bxf6 Qxf6 11. O-O-O Rad8 12. Qg5 Qxg5+ 13. Nxg5 Bh6 14.
h4 Bxg5+ 15. hxg5 Rxf2 16. Rhg1 Nd4 17. Rd2 Rxd2 18. Kxd2 Rf8 19. Rc1 Rf2+ 20.
Kd1 Rxg2 21. Na4 Rxg5 22. c3 Nc6 23. d4 exd4 24. cxd4 Rg1+ 25. Kc2 Rxc1+ 26.
Kxc1 Nxd4 27. Nc3 h5 28. Kd2 h4 29. Ne2 Nxe2 30. Kxe2 g5 31. Kf2 h3 32. Kg3 g4
33. Kh2 d5 34. exd5 exd5 35. b4 d4 36. a4 d3 37. a5 d2 38. b5 d1=Q 39. b6 cxb6
0-1

[Event "Unna Open 2022"]
[Site "Unna"]
[Date "2022.12.29"]
[Round "6.1"]
[White "Tkachuk, Sergij"]
[Black "Huckebrink, Chris"]
[Result "1/2-1/2"]
[WhiteElo "2206"]
[BlackElo "2145"]
[Annotator "Medger,Gernot"]
[PlyCount "94"]
[EventDate "2022.12.??"]
[EventType "tourn"]
[EventRounds "7"]
[EventCountry "GER"]

1. e4 e5 2. Nf3 Nf6 3. Nxe5 d6 4. Nf3 Nxe4 5. d3 Nf6 6. d4 d5 7. Bg5 Be7 8. Bd3
Ne4 9. Bxe7 Qxe7 10. O-O O-O 11. Re1 Qb4 12. Qc1 Nf6 13. c3 Qd6 14. Nbd2 Nbd7
15. Nf1 Rd8 16. Ng3 Nf8 17. Ne5 Ng4 18. Nxg4 Bxg4 19. Qg5 Bd7 20. Nh5 Ng6 21.
f4 h6 22. Qg3 f5 23. Re5 Rf8 24. Rae1 Rf7 25. R5e2 Raf8 26. Qf2 Re7 27. Rxe7
Nxe7 28. Ng3 Ng6 29. Ne2 Re8 30. Kf1 Qb6 31. Nc1 Rxe1+ 32. Kxe1 a5 33. g3 Nh8
34. Qc2 g6 35. Be2 Nf7 36. Qb3 Qxb3 37. Nxb3 b6 38. Bf3 Be6 39. Nc1 Nd6 40. Nd3
Kg7 41. Ne5 Kf6 42. Ke2 g5 43. Kd3 g4 44. Bg2 Ke7 45. b3 Ne4 46. c4 Nf6 47. c5
Bc8 1/2-1/2

[Event "Unna Open 2022"]
[Site "Unna"]
[Date "2022.12.29"]
[Round "6.2"]
[White "Nechitaylo, Nikita"]
[Black "Hintze, Helge"]
[Result "0-1"]
[WhiteElo "1985"]
[BlackElo "2242"]
[Annotator "Medger,Gernot"]
[PlyCount "90"]
[EventDate "2022.12.??"]
[EventType "tourn"]
[EventRounds "7"]
[EventCountry "GER"]

1. e4 e6 2. d4 d5 3. Nd2 c5 4. exd5 Qxd5 5. Ngf3 cxd4 6. Bc4 Qd7 7. O-O Nc6 8.
Nb3 Nf6 9. Nfxd4 Nxd4 10. Nxd4 a6 11. Bf4 b5 12. Be2 Bb7 13. Bf3 Rd8 14. Bxb7
Qxb7 15. Qf3 Qxf3 16. Nxf3 Nd5 17. Bg3 Be7 18. c3 Rc8 19. Rfc1 Nb6 20. Rd1 Na4
21. Rab1 f6 22. Bd6 e5 23. Nh4 Rd8 24. Nf5 Bxd6 25. Rxd6 Rxd6 26. Nxd6+ Kd7 27.
Ne4 Rc8 28. g4 Ke7 29. Kf1 g6 30. Ke2 f5 31. gxf5 gxf5 32. Nd2 Ke6 33. Kd3 Rg8
34. b3 Nc5+ 35. Ke2 e4 36. f3 Rg2+ 37. Ke3 f4+ 38. Kd4 Rxd2+ 39. Kxc5 exf3 40.
Rf1 Rxh2 41. Rxf3 Kf5 42. a4 bxa4 43. bxa4 Ke4 44. Rf1 f3 45. c4 Rc2 0-1

[Event "Unna Open 2022"]
[Site "Unna"]
[Date "2022.12.29"]
[Round "6.3"]
[White "Schmücker, Marcus"]
[Black "Georg, Felix"]
[Result "1-0"]
[WhiteElo "2208"]
[BlackElo "1986"]
[Annotator "Medger,Gernot"]
[PlyCount "121"]
[EventDate "2022.12.??"]
[EventType "tourn"]
[EventRounds "7"]
[EventCountry "GER"]

1. d4 g6 2. Nf3 Bg7 3. g3 Nf6 4. Bg2 O-O 5. c4 d5 6. cxd5 Nxd5 7. e4 Nb6 8. O-O
Na6 9. Nc3 c5 10. d5 e6 11. Bg5 f6 12. Bf4 e5 13. Be3 Nc4 14. Qe2 Nxe3 15. Qxe3
b6 16. Nd2 Nc7 17. Rfd1 Ne8 18. a4 Nd6 19. b3 f5 20. Nc4 Ba6 21. Nxd6 Qxd6 22.
Nb5 Bxb5 23. axb5 Rf7 24. Bh3 Kh8 25. Qd3 fxe4 26. Qxe4 a5 27. bxa6 Rfa7 28.
Bf1 Rf8 29. Bb5 Qf6 30. Ra2 Qf5 31. Qxf5 gxf5 32. d6 e4 33. d7 Bd4 34. Rad2 Kg7
35. Rxd4 cxd4 36. Rxd4 Rd8 37. Rd6 Kf7 38. Rxb6 Ke7 39. Kf1 Rc7 40. Bc6 Kd6 41.
Ba4+ Kc5 42. Rb5+ Kd4 43. Rxf5 Rc2 44. Rf6 Ke5 45. Rc6 Rxc6 46. Bxc6 Kd6 47.
Bb7 Kc7 48. Bxe4 Kb6 49. Bxh7 Rxd7 50. Bg8 Kxa6 51. h4 Rg7 52. Bc4+ Kb6 53. Kg2
Kc5 54. f3 Kd4 55. g4 Ke3 56. Kg3 Rd7 57. g5 Rd1 58. Kg4 Rg1+ 59. Kh5 Kf4 60.
Kh6 Kf5 61. f4 1-0

[Event "Unna Open 2022"]
[Site "Unna"]
[Date "2022.12.29"]
[Round "6.4"]
[White "Mann, Gergely"]
[Black "Höllmann, Ludger"]
[Result "0-1"]
[WhiteElo "1978"]
[BlackElo "2039"]
[Annotator "Medger,Gernot"]
[PlyCount "58"]
[EventDate "2022.12.??"]
[EventType "tourn"]
[EventRounds "7"]
[EventCountry "GER"]

1. e4 c5 2. Nf3 e6 3. d4 cxd4 4. Nxd4 Nf6 5. Nc3 Nc6 6. Ndb5 d6 7. Bf4 e5 8.
Bg5 a6 9. Na3 b5 10. Bxf6 gxf6 11. Nd5 Bg7 12. Bd3 Be6 13. Qf3 O-O 14. c3 b4
15. Nc4 bxc3 16. O-O cxb2 17. Rab1 f5 18. exf5 Bxd5 19. Qxd5 Nb4 20. Qf3 d5 21.
Nd2 e4 22. Bxe4 dxe4 23. Nxe4 Re8 24. f6 Bh6 25. Rbd1 Qa5 26. Qg4+ Kh8 27. Qh4
Bc1 28. Qg3 Rg8 29. Qb3 Qxa2 0-1

[Event "Unna Open 2022"]
[Site "Unna"]
[Date "2022.12.29"]
[Round "6.5"]
[White "Junk, Phillip"]
[Black "Weber, Rolf"]
[Result "1-0"]
[WhiteElo "2055"]
[BlackElo "1905"]
[Annotator "Medger,Gernot"]
[PlyCount "111"]
[EventDate "2022.12.??"]
[EventType "tourn"]
[EventRounds "7"]
[EventCountry "GER"]

1. e4 e6 2. d4 d5 3. Nd2 b6 4. exd5 Qxd5 5. Ngf3 Bb7 6. Bc4 Qh5 7. Qe2 Nf6 8.
O-O Bd6 9. Ne5 Qxe2 10. Bxe2 O-O 11. Ndc4 Nbd7 12. Nxd6 cxd6 13. Nxd7 Nxd7 14.
Bf4 d5 15. Rfe1 Rfc8 16. Rac1 a5 17. c3 a4 18. Bd6 Ba6 19. Bg4 Rc6 20. Bb4 Rac8
21. Bd1 Bb5 22. Bc2 Ra8 23. f3 Nb8 24. Kf2 Na6 25. Ba3 Nc7 26. Re3 Ne8 27. g4
Nd6 28. Bxd6 Rxd6 29. a3 Bd7 30. Kg3 g6 31. Kf4 Kg7 32. Bd3 Kf6 33. h4 Ra5 34.
Rh1 Bb5 35. Bb1 Rd8 36. Rh2 Rg8 37. Re1 Bc6 38. Bd3 Bb5 39. Bc2 Bc6 40. g5+ Ke7
41. Ke5 Rh8 42. h5 Raa8 43. Reh1 Rhg8 44. hxg6 hxg6 45. Rh7 Be8 46. R1h6 b5 47.
Rxg6 Rxg6 48. Bxg6 b4 49. axb4 a3 50. bxa3 Rxa3 51. Bxf7 Bxf7 52. g6 Rxc3 53.
Rxf7+ Ke8 54. Kxe6 Rc6+ 55. Kf5 Rc4 56. Ke5 1-0

[Event "Unna Open 2022"]
[Site "Unna"]
[Date "2022.12.29"]
[Round "6.6"]
[White "Tkachuk, Konstantyn"]
[Black "Wenning, Niels"]
[Result "1-0"]
[WhiteElo "2202"]
[BlackElo "1922"]
[Annotator "Medger,Gernot"]
[PlyCount "63"]
[EventDate "2022.12.??"]
[EventType "tourn"]
[EventRounds "7"]
[EventCountry "GER"]

1. e4 e5 2. Nf3 Nc6 3. Bc4 Nf6 4. d4 exd4 5. e5 d5 6. Bb5 Nd7 7. O-O Be7 8. Re1
O-O 9. Bxc6 bxc6 10. Nxd4 Nb8 11. f4 c5 12. Nf3 Nc6 13. Nc3 d4 14. Ne4 Rb8 15.
b3 Ba6 16. f5 d3 17. c3 c4 18. f6 gxf6 19. exf6 Bxf6 20. Bg5 Bxg5 21. Nfxg5 f6
22. Nxh7 Kxh7 23. Qh5+ Kg7 24. Re3 Rf7 25. Nc5 Bc8 26. Rae1 Ne5 27. Rg3+ Kf8
28. Qh8+ Ke7 29. Rxe5+ fxe5 30. Qxe5+ Kf8 31. Qh8+ Ke7 32. Re3+ 1-0

[Event "Unna Open 2022"]
[Site "Unna"]
[Date "2022.12.29"]
[Round "6.7"]
[White "Korten, Lando"]
[Black "Theile-Rasche, Ingo"]
[Result "1-0"]
[WhiteElo "2135"]
[BlackElo "1871"]
[Annotator "Medger,Gernot"]
[PlyCount "69"]
[EventDate "2022.12.??"]
[EventType "tourn"]
[EventRounds "7"]
[EventCountry "GER"]

1. d4 c5 2. d5 d6 3. e4 g6 4. c4 Bg7 5. Nc3 Nd7 6. Be3 a6 7. a4 Ngf6 8. h3 O-O
9. Nf3 Ne8 10. g4 Rb8 11. Qc2 Nc7 12. Be2 Ne5 13. Nd2 e6 14. f4 exd5 15. cxd5
Nd7 16. O-O b5 17. Bf3 Re8 18. Rae1 bxa4 19. Nxa4 Nb6 20. Nxb6 Rxb6 21. Nc4 Rb4
22. e5 Nb5 23. b3 Qc7 24. Nxd6 Nxd6 25. Qxc5 Qb8 26. exd6 Rxe3 27. Rxe3 Bd4 28.
Qxd4 Rxd4 29. Re8+ Kg7 30. d7 Qxf4 31. dxc8=Q Qg3+ 32. Bg2 Rd2 33. Rg8+ Kh6 34.
Qf8+ Kg5 35. Rf5+ 1-0

[Event "Unna Open 2022"]
[Site "Unna"]
[Date "2022.12.29"]
[Round "6.9"]
[White "Medger, Gernot"]
[Black "Neumann, Theodor"]
[Result "0-1"]
[WhiteElo "1822"]
[BlackElo "1945"]
[Annotator "Medger,Gernot"]
[PlyCount "42"]
[EventDate "2022.12.??"]
[EventType "tourn"]
[EventRounds "7"]
[EventCountry "GER"]

1. c4 e5 2. g3 Nc6 3. Bg2 f5 4. d3 Nf6 5. e3 Bb4+ 6. Nc3 Bxc3+ 7. bxc3 d6 8.
Ne2 O-O 9. O-O Qe8 10. Rb1 Qh5 11. Bd2 Ng4 12. h3 Nf6 13. Nc1 Qg6 14. Kh2 Kh8
15. Ne2 f4 16. e4 Ng4+ 17. hxg4 f3 18. Nf4 exf4 19. Bxf3 fxg3+ 20. fxg3 Ne5 21.
Bf4 Nxg4+ 0-1

[Event "Unna Open 2022"]
[Site "Unna"]
[Date "2022.12.29"]
[Round "6.10"]
[White "Gutte, Friedhelm"]
[Black "Brieger, Sebastian"]
[Result "1/2-1/2"]
[WhiteElo "2036"]
[BlackElo "1841"]
[Annotator "Medger,Gernot"]
[PlyCount "23"]
[EventDate "2022.12.??"]
[EventType "tourn"]
[EventRounds "7"]
[EventCountry "GER"]

1. d4 d5 2. Bf4 c6 3. e3 Qb6 4. Qc1 Bf5 5. a3 e6 6. c4 Nf6 7. h3 Nbd7 8. Nf3
Be7 9. Nc3 O-O 10. Be2 Ne4 11. O-O Rfe8 12. c5 1/2-1/2

[Event "Unna Open 2022"]
[Site "Unna"]
[Date "2022.12.29"]
[Round "6.11"]
[White "Tymura, Achim"]
[Black "Bui, Hoan Tam"]
[Result "1-0"]
[WhiteElo "1991"]
[BlackElo "1675"]
[Annotator "Medger,Gernot"]
[PlyCount "69"]
[EventDate "2022.12.??"]
[EventType "tourn"]
[EventRounds "7"]
[EventCountry "GER"]

1. d4 d5 2. c4 c6 3. Nf3 Nf6 4. Nc3 dxc4 5. a4 Bf5 6. e3 e6 7. Bxc4 Bb4 8. O-O
O-O 9. Qb3 Qe7 10. Bd2 Nbd7 11. Rfe1 Bg4 12. Ne4 Nxe4 13. Bxb4 c5 14. dxc5 Bxf3
15. gxf3 Nexc5 16. Qd1 Rfd8 17. Qe2 Nb6 18. Kh1 Nxc4 19. Qxc4 b6 20. Rg1 Rd5
21. Bc3 g6 22. e4 Rh5 23. b4 Nb7 24. Rad1 Rd8 25. Rxd8+ Qxd8 26. Qc6 Qd6 27.
Qxd6 Nxd6 28. Rd1 Ne8 29. Rd8 Kf8 30. Ra8 a5 31. bxa5 bxa5 32. Bxa5 f6 33. Bb4+
Kf7 34. Ra7+ Kg8 35. Rb7 1-0